PSA schedule of rates for property management (Record no. 103520)

MARC details
000 -LEADER
fixed length control field 00965cam a2200229 4500
008 - FIXED-LENGTH DATA ELEMENTS--GENERAL INFORMATION
fixed length control field 040426n2002 000 0 eng u
020 ## - INTERNATIONAL STANDARD BOOK NUMBER
International Standard Book Number 0117028576
035 ## - SYSTEM CONTROL NUMBER
System control number (Sirsi) u125949
041 ## - LANGUAGE CODE
Language code of text/sound track or separate title eng
050 ## - LIBRARY OF CONGRESS CALL NUMBER
Classification number 692.5
-- 18
110 ## - MAIN ENTRY--CORPORATE NAME
Corporate name or jurisdiction name as entry element Carillion Services
9 (RLIN) 3856
245 ## - TITLE STATEMENT
Title PSA schedule of rates for property management
Remainder of title composite items for maintenance, repair and improvement works
260 ## - PUBLICATION, DISTRIBUTION, ETC.
Place of publication, distribution, etc. London
Name of publisher, distributor, etc. TSO
Date of publication, distribution, etc. 2002
300 ## - PHYSICAL DESCRIPTION
Extent 544p.
Dimensions 31cm.
350 ## - PRICE (NR) (BK AM CF MU VM SE) [OBSOLETE]
Price 185
490 ## - SERIES STATEMENT
Series statement PSA Schedule of Rates
520 ## - SUMMARY, ETC.
Summary, etc. This new composite items schedule of rates contains tasks built-up from the individual items of work involved in carrying out the task. Covers all aspects of internal and external work including: groundwork; building repairs; finishes; landscaping; disposal systems; and heating and ventilation systems.
650 ## - SUBJECT ADDED ENTRY--TOPICAL TERM
Topical term or geographic name entry element SCHEDULE OF RATES
650 ## - SUBJECT ADDED ENTRY--TOPICAL TERM
Topical term or geographic name entry element Property management
9 (RLIN) 6262
690 ## - LOCAL SUBJECT ADDED ENTRY--TOPICAL TERM (OCLC, RLIN)
Topical term or geographic name as entry element BUILT ENVIRONMENT-BUILDING COSTS
942 ## - ADDED ENTRY ELEMENTS (KOHA)
Suppress in OPAC 0
Holdings
Withdrawn status Lost status Source of classification or shelving scheme Damaged status Not for loan Home library Current library Shelving location Date acquired Cost, normal purchase price Total Checkouts Full call number Barcode Date last seen Date last checked out Copy number Cost, replacement price Price effective from Koha item type
    Dewey Decimal Classification     London London Books 22/11/2004 157.25 8 F692.5 PSA 30069689 06/08/2019 19/01/2011 1 157.25 06/08/2019 Book